000 00775cam a22002653a 4500
001 25390
003 PGUSA
005 20140828083539.0
008 080508s2008||||xxu|||||s|||||000 1 eng d
040 _aPGUSA
_beng
042 _adc
050 4 _aPZ
100 1 _aMacArthur, Ruth Brown,
_d1881-
245 1 0 _aTabitha at Ivy Hall
_h[electronic resource] /
_cRuth Brown MacArthur
260 _bProject Gutenberg,
_c2008
506 _aPublic domain in the USA.
516 _aElectronic text
653 _aBoarding schools -- Juvenile fiction
653 _aFriendship -- Juvenile fiction
653 _aStudents -- Juvenile fiction
700 1 _aRussell, Alfred
830 0 _aProject Gutenberg
_v25390
856 4 0 _uhttp://www.gutenberg.org/ebooks/25390
942 _cEB
999 _c254645
_d254645